000 00315nam a2200133Ia 4500
008 240624s9999 xx 000 0 und d
041 _aeng
082 _a823 LUD
100 _aLUDLUM ROBERT
245 _aBOURNE ULTIMATUM
260 _c2007
_aNew Delhi
_bOrion Books
300 _a725 : p. : cm. ; 17
365 _cRS
999 _c28686
_d28686